| 000 | 00650nam a2200217 a 4500 | ||
|---|---|---|---|
| 008 | |||
| 049 | _aMAIN | ||
| 090 | _aREF HF1414.55.ZIM | ||
| 100 | _aZimTrade | ||
| 245 | 0 |
_aDeveloping profitable international trade 1998: _bexport dirctory of Zimbabwe/ _cZimTrade |
|
| 246 | _aExport directory of Zimbabwe. | ||
| 260 |
_aHarare : _bZimTrade, _c1998. |
||
| 300 |
_a327 p.: _bill. ,col. _c26 cm |
||
| 650 |
_aTrade _zZimbabwe. |
||
| 650 | _aInternational trade. | ||
| 907 |
_a.b10197552 _b16-01-07 _c31-03-06 |
||
| 003 | |||
| 005 | 20230120191420.0 | ||
| 040 | _cNUST | ||
| 942 |
_cBOOKS _kREF HF1414.55.ZIM |
||
| 999 |
_c100747 _d100747 |
||